000 00215nam a2200109Ia 4500
100 _aBashir-Imran
_943
942 _cBK
245 _aMastering Blockchain
260 _c2020
082 _a005.76 
_bBAS
300 _a788
999 _c35830
_d35830